000 00646nam a2200205Ii 4500
003 JO-AjNU
008 230605s9999||||xx |||||||||||||| ||und||
017 _a399
040 _aJO-AjNU
_bara
_erda
_cJO-AjNU
041 _aara
050 1 4 _aQE431.D3 1980
100 3 _aدونكان,
_eauthor
_918326
245 0 0 _aالجيولوجيا الهندسية وميكانيك الصخور، ج1
264 3 1 _aالموصل:وزارة التعليم العالي ، 1980
300 _aج1، 240ص
336 _atext
_btxt
_2rdacontent
337 _aunmediated
_bn
_2rdamedia
338 _avolume
_bnc
_2rdacarrier
650 4 _aالجيولوجيا
_918327
999 _aA5840
_c9408
_d9408